Поиск и обнаружение объектов на растровом изображении по заданному образцу; Молодежь и современные информационные технологии

Manylion Llyfryddiaeth
Parent link:Молодежь и современные информационные технологии.— 2013.— [С. 415-416]
Prif Awdur: Чеботарева Е. Н.
Awduron Eraill: Аксёнов С. В. Сергей Владимирович
Crynodeb:Заглавие с титульного экрана
Iaith:Rwseg
Cyhoeddwyd: 2013
Cyfres:Компьютерная графика и дизайн
Pynciau:
Mynediad Ar-lein:http://earchive.tpu.ru/handle/11683/70311
http://www.lib.tpu.ru/fulltext/c/2013/C04/194.pdf
Fformat: MixedMaterials Electronig Pennod Llyfr
KOHA link:https://koha.lib.tpu.ru/cgi-bin/koha/opac-detail.pl?biblionumber=603920

MARC

LEADER 00000naa2a2200000 4500
001 603920
005 20260205095611.0
035 |a (RuTPU)RU\TPU\conf\1140 
035 |a RU\TPU\conf\1139 
090 |a 603920 
100 |a 20140211d2013 k y0rusy50 ca 
101 0 |a rus 
102 |a RU 
135 |a drnn ---uucaa 
181 0 |a i  
182 0 |a b 
200 1 |a Поиск и обнаружение объектов на растровом изображении по заданному образцу  |f Е. Н. Чеботарева, С. В. Аксёнов 
203 |a Текст  |c электронный 
225 1 |a Компьютерная графика и дизайн 
300 |a Заглавие с титульного экрана 
320 |a [Библиогр.: с. 416 (4 назв.)] 
337 |a Adobe Reader 
463 1 |0 (RuTPU)RU\TPU\conf\515  |t Молодежь и современные информационные технологии  |o сборник трудов XI Международной научно-практической конференции студентов, аспирантов и молодых ученых, г. Томск, 13-16 ноября 2013 г.  |f Национальный исследовательский Томский политехнический университет (ТПУ) ; под ред. Е. А. Сикоры и др.  |v [С. 415-416]  |d 2013 
610 1 |a труды учёных ТПУ 
610 1 |a электронный ресурс 
610 1 |a поиск объектов 
610 1 |a обнаружение объектов 
610 1 |a растровые изображения 
610 1 |a шаблонные изображения 
700 1 |a Чеботарева  |b Е. Н. 
701 1 |a Аксёнов  |b С. В.  |c специалист в области информатики и вычислительной техники  |c доцент Томского политехнического университета, кандидат технических наук  |f 1983-  |g Сергей Владимирович  |3 (RuTPU)RU\TPU\pers\25383  |9 11326 
801 2 |a RU  |b 63413507  |c 20220328  |g RCR 
856 4 |u http://earchive.tpu.ru/handle/11683/70311 
856 4 |u http://www.lib.tpu.ru/fulltext/c/2013/C04/194.pdf 
942 |c CF